Mots de la langue française terminés par "bou" - Statistiques

Statistiques générales
  • Ce quiz a été pris 191 fois
  • Le résultat moyen est 4 sur 6
Statistiques - réponses
Indice Mot % Correct
renne caribou
87%
interdit tabou
79%
oiseau hibou
76%
canne bambou
70%
tunique boubou
66%
peuple du Sahara toubou
3%
Aucun quiz correspondant
Distribution des résultats
% des personnes avec chaque résultat
Percentile par nombre de réponses
Votre historique - résultats
Vous n’avez pas pris ce quiz